000 00440nam a2200193Ia 4500
005 20240823040559.0
008 240823s9999||||xx |||||||||||||| ||und||
020 _a978-81-237-1887-3
041 _aENGLISH
082 _A737.4 Q0
100 _aParmeshwari Lal Gupta
245 0 _aCoins
250 _a1st
260 _c2010
_bNational Book Tr
_aChennai
500 _aYES
650 _aCoins
_bGeneral
942 _cBK
999 _c203452
_d203452